Československo v období socialismu 1945-1989

Salvato in:
Dettagli Bibliografici
Autore principale: Rychlík, Jan
Natura: Libro
Lingua:ceco
Pubblicazione: Praha Vyšehrad 2022
Edizione:2. vydání
Soggetti:
Tags: Aggiungi Tag
Nessun Tag, puoi essere il primo ad aggiungerne!!

MARC

LEADER 00000nam a2200000 4500
001 0291900
005 20240416114205.9
020 |a 978-80-7601-638-5 
041 0 |a cze 
044 |a CZ 
245 1 0 |a Československo v období socialismu 1945-1989  |c Jan Rychlík 
250 |a 2. vydání 
264 1 |a Praha  |b Vyšehrad  |c 2022 
300 |a 415 s. 
610 2 0 |a socializmus 
610 2 0 |a komunizmus 
610 2 0 |a normalizácia 
610 2 0 |a politika 
610 2 0 |a hospodárstvo socialistické 
610 2 0 |a dejiny 
610 2 0 |a Československo 
100 1 |a Rychlík, Jan